| Tag |
First Indicator |
Second Indicator |
Subfields |
| LEADER |
00000cam a2200000 4500 |
| 001 |
in00000054051 |
| 005 |
20151008051419.0 |
| 008 |
730305s1961 nju b 00000 eng u |
| 010 |
|
|
|a 61007398
|
| 035 |
|
|
|a (OCoLC)00569082
|
| 035 |
|
|
|9 AAG7737AM
|
| 040 |
|
|
|c WSU
|d TXA
|d UtOrBLW
|
| 049 |
|
|
|a TXAM
|c [347812]
|a TXAS [mil]
|c 3
|
| 050 |
|
0 |
|a UB23
|b .H3
|
| 092 |
|
|
|a 355.0973
|b H225o
|
| 100 |
1 |
|
|a Hammond, Paul Y.
|
| 245 |
1 |
0 |
|a Organizing for defense ;
|b the American military establishment in the twentieth century.
|
| 264 |
|
1 |
|a Princeton, N.J. :
|b Princeton University Press,
|c 1961.
|
| 300 |
|
|
|a 403 pages
|
| 336 |
|
|
|a text
|b txt
|2 rdacontent
|
| 337 |
|
|
|a unmediated
|b n
|2 rdamedia
|
| 338 |
|
|
|a volume
|b nc
|2 rdacarrier
|
| 504 |
|
|
|a Bibliographical footnotes.
|
| 610 |
1 |
0 |
|a United States.
|b Department of Defense.
|
| 651 |
|
0 |
|a United States
|x Armed Forces
|x Organization.
|
| 999 |
|
|
|a MARS
|
| 999 |
f |
f |
|s 5817533b-26f7-3010-8f2c-6d8e24e0be30
|i 6b2a1f07-c1f4-3efc-8a8c-d0b65a9a0c94
|t 0
|
| 952 |
f |
f |
|p normal
|a Texas A&M University
|b College Station
|c Sterling C. Evans Library
|s Evans stk
|d Evans: Library Stacks
|t 0
|e UB23 .H3
|h Library of Congress classification
|i unmediated -- volume
|m A14800803528
|
| 952 |
f |
f |
|p noncirc
|a Texas A&M University
|b College Station
|c Cushing Memorial Library & Archives
|s cush mil
|d Cushing: Ragan Military (Does not check out)
|t 0
|e UB23 .H3
|h Library of Congress classification
|i unmediated -- volume
|
| 998 |
f |
f |
|a UB23 .H3
|t 0
|l Cushing: Ragan Military (Does not check out)
|
| 998 |
f |
f |
|a UB23 .H3
|t 0
|l Evans: Library Stacks
|